LEADER 01191nam1 2200385 450 001 990001945280203316 005 20040823093541.0 035 $a000194528 035 $aUSA01000194528 035 $a(ALEPH)000194528USA01 035 $a000194528 100 $a20040823d1974----km-y0itay0103----ba 101 0 $aita 102 $aIT 105 $a||||||||001yy 200 1 $a<> educazione prescolastica sovietica 210 $aFirenze$cGiunti-Barbera$d1974 215 $a2 v.$d20 cm. 225 2 $aCollezione psicologica 410 0$12001$aCollezione psicologica 454 1$12001 461 1$1001-------$12001 463 \1$1001990001945320203316$12001 $a<> : Programmi di istruzione 463 \1$1001990001945340203316$12001 $a<> : Istruzioni per l'insegnante 500 11$aSoviet preschool education$m$959523 606 0 $aUnione sovietica$xEducazione prescolastica 676 $a372 801 0$aIT$bsalbc$gISBD 912 $a990001945280203316 951 $aVI ps B coll. 3/37$bL.M.$cVI ps 959 $aBK 969 $aUMA 979 $aSIAV8$b10$c20040823$lUSA01$h0935 996 $aSoviet preschool education$959523 997 $aUNISA LEADER 01176nam--2200385---450- 001 990001096680203316 005 20050426102945.0 035 $a000109668 035 $aUSA01000109668 035 $a(ALEPH)000109668USA01 035 $a000109668 100 $a20021108d1961----km-y0itay0103----ba 101 1 $aita 102 $aIT 105 $aaf||z|||001yy 200 1 $aScegliere e capire i film$fA. Buchanan e S.Reed$gcoperta di Renna$g[traduzione di Anna Monari] 210 $aMilano$cFabbri$dcopyr.1961 215 $a212 p., [1] p. di tav.$cill.$d20 cm 225 2 $aLibri del sapere$v20 410 1$12001$aLibri del sapere 454 1$12001$aGoing to the cinema$950624 606 0 $aCinematografo 676 $a791.43028 700 1$aBUCHANAN,$bA.$0415007 701 1$aREED,$bS.$0554158 801 0$aIT$bsalbc$gISBD 912 $a990001096680203316 951 $aXIII.2. 588(XVI D 250)$b138698 L.M.$cXVI D$d00083413 959 $aBK 969 $aUMA 979 $aPAOLA$b90$c20021108$lUSA01$h1150 979 $aPATRY$b90$c20040406$lUSA01$h1716 979 $aCOPAT2$b90$c20050426$lUSA01$h1029 996 $aGoing to the cinema$950624 997 $aUNISA